[Event "Robecchetto op-B 20th"]
[Site "Robecchetto"]
[Date "2009.12.29"]
[Round "5"]
[White "Pandini, Giuseppe"]
[Black "Rossini, Luca"]
[Result "1-0"]
[WhiteElo "1702"]
[BlackElo "1751"]
[PlyCount "107"]
[EventDate "2009.12.27"]
[EventType "swiss"]
[EventRounds "6"]
[EventCountry "ITA"]
[SourceTitle "EXT 2023"]
[Source "ChessBase"]
[SourceDate "2022.10.05"]
[SourceVersion "1"]
[SourceVersionDate "2022.10.05"]
[SourceQuality "1"]

1. f4 c5 2. Nf3 d6 3. e3 Nf6 4. b3 g6 5. Bb2 Bg7 6. Be2 0-0 7. 0-0 Nc6 8. c4 Bd7 9. Nc3 a6 10. a3 Na7 11. Qc1 b5 12. Nd5 e6 13. Nxf6+ Bxf6 14. Bxf6 Qxf6 15. d3 Bc6 16. Nd2 Nc8 17. Bf3 Bxf3 18. Rxf3 Ne7 19. Ne4 Qf5 20. Qc3 Rfd8 21. Nf6+ Kf8 22. Nxh7+ Ke8 23. Nf6+ Kf8 24. Rh3 e5 25. Rh8+ Kg7 26. Rxd8 Rxd8 27. fxe5 dxe5 28. Ne4 Rh8 29. Rf1 Qh5 30. h3 Nc6 31. cxb5 axb5 32. Qxc5 Nd8 33. Qe7 Rf8 34. Qf6+ Kg8 35. Qf2 f5 36. Nd6 Qh7 37. Qg3 Kh8 38. Qxe5+ Kg8 39. Qd5+ Nf7 40. Nxf7 Qxf7 41. Qxf7+ Rxf7 42. Rc1 Ra7 43. a4 bxa4 44. bxa4 Rxa4 45. Kf2 Kf7 46. Kf3 Ke6 47. d4 g5 48. Rc5 Ra3 49. Re5+ Kf6 50. g3 Rb3 51. Re8 Kf7 52. Ra8 g4+ 53. hxg4 fxg4+ 54. Kf4 1-0

[Event "Robecchetto op-B 20th"]
[Site "Robecchetto"]
[Date "2009.12.27"]
[Round "1"]
[White "Folcini, Gaddo"]
[Black "Rossini, Luca"]
[Result "1/2-1/2"]
[WhiteElo "1513"]
[BlackElo "1751"]
[PlyCount "104"]
[EventDate "2009.12.27"]
[EventType "swiss"]
[EventRounds "6"]
[EventCountry "ITA"]
[SourceTitle "EXT 2023"]
[Source "ChessBase"]
[SourceDate "2022.10.05"]
[SourceVersion "1"]
[SourceVersionDate "2022.10.05"]
[SourceQuality "1"]

1. d4 Nf6 2. e4 Nxe4 3. Nf3 e6 4. Bd3 Nf6 5. Bg5 Be7 6. Nbd2 d5 7. Ne5 Nbd7 8. Ndf3 0-0 9. h4 h6 10. Nxd7 Bxd7 11. Ne5 Nh7 12. Nxd7 Qxd7 13. Bxh6 gxh6 14. Qh5 Kg7 15. Rh3 Bd6 16. f4 Bxf4 17. Qg4+ Ng5 18. Qxf4 Nxh3 19. Qg4+ Kf6 20. Qxh3 Ke7 21. 0-0-0 Qd6 22. Rf1 f5 23. Qe3 f4 24. Qf3 Rf6 25. g4 Rg8 26. Rg1 Rf7 27. h5 e5 28. dxe5 Qxe5 29. Qh1 Qe3+ 30. Kb1 Kd6 31. Re1 Qd4 32. Rd1 Qe5 33. Be4 c6 34. c4 d4 35. Bf3 Re7 36. Qh2 c5 37. Qh1 b6 38. Bb7 Rc7 39. Re1 Qxe1+ 40. Qxe1 Rxb7 41. Qe4 Rf7 42. Qd5+ Ke7 43. Qe5+ Kd7 44. Qd5+ Ke7 45. Qe5+ Kf8 46. Qd6+ Kg7 47. Qe5+ Rf6 48. g5 hxg5 49. Qxg5+ Kf7 50. Qd5+ Re6 51. Qf5+ Ke7 52. Qh7+ Kf8 1/2-1/2

[Event "Robecchetto op-B 19th"]
[Site "Robecchetto"]
[Date "2008.12.29"]
[Round "4"]
[White "Colombo, Maurizio"]
[Black "Rossini, Luca"]
[Result "1/2-1/2"]
[WhiteElo "1718"]
[BlackElo "1778"]
[PlyCount "46"]
[EventDate "2008.12.27"]
[EventType "swiss"]
[EventRounds "6"]
[EventCountry "ITA"]
[SourceTitle "EXT 2011"]
[Source "ChessBase"]
[SourceDate "2010.11.26"]
[SourceVersion "1"]
[SourceVersionDate "2010.11.26"]
[SourceQuality "1"]

1. d4 Nf6 2. c4 e6 3. Nf3 d5 4. Nc3 Be7 5. Bg5 Nbd7 6. e3 0-0 7. Rc1 b6 8. cxd5 exd5 9. Bd3 Bb7 10. 0-0 Ne4 11. Bf4 Ndf6 12. Nd2 c5 13. f3 Nxc3 14. Rxc3 c4 15. Bb1 Bb4 16. Rc1 Ba6 17. Re1 Re8 18. Kf2 Nh5 19. Bg3 Nxg3 20. hxg3 Bd6 21. f4 Qf6 22. Nf3 Bb7 23. Qc2 g6 1/2-1/2

[Event "Robecchetto op-B 19th"]
[Site "Robecchetto"]
[Date "2008.12.28"]
[Round "3"]
[White "Rossini, Luca"]
[Black "Fizzotti, Mario"]
[Result "0-1"]
[WhiteElo "1778"]
[BlackElo "1795"]
[PlyCount "80"]
[EventDate "2008.12.27"]
[EventType "swiss"]
[EventRounds "6"]
[EventCountry "ITA"]
[SourceTitle "EXT 2011"]
[Source "ChessBase"]
[SourceDate "2010.11.26"]
[SourceVersion "1"]
[SourceVersionDate "2010.11.26"]
[SourceQuality "1"]

1. d4 Nf6 2. c4 e6 3. Nc3 Bb4 4. e3 c5 5. Nge2 d5 6. a3 Ba5 7. cxd5 Nxd5 8. Bd2 cxd4 9. Nxd5 Bxd2+ 10. Qxd2 Qxd5 11. Qxd4 Qxd4 12. Nxd4 a6 13. g3 e5 14. Nf3 Nc6 15. Bg2 Ke7 16. Rd1 Be6 17. 0-0 Rhd8 18. Rxd8 Rxd8 19. Rc1 f6 20. Ne1 Bd5 21. f4 Bxg2 22. Nxg2 Rd2 23. b4 Kd6 24. Ne1 e4 25. Rc2 Rxc2 26. Nxc2 Kd5 27. Kf2 Kc4 28. Ke2 Kc3 29. Kd1 Ne7 30. h4 Nd5 31. g4 Kd3 32. g5 Nxe3+ 33. Nxe3 Kxe3 34. f5 Kf4 35. g6 h5 36. Ke2 Kxf5 37. Ke3 Ke5 38. a4 f5 39. b5 axb5 40. axb5 b6 0-1

[Event "Bratto op-B 28th"]
[Site "Bratto"]
[Date "2008.08.29"]
[Round "7"]
[White "Conta, Diego"]
[Black "Rossini, Luca"]
[Result "0-1"]
[WhiteElo "1825"]
[BlackElo "1785"]
[PlyCount "42"]
[EventDate "2008.08.23"]
[EventType "swiss"]
[EventRounds "9"]
[EventCountry "ITA"]
[SourceTitle "EXT 2011"]
[Source "ChessBase"]
[SourceDate "2010.11.26"]
[SourceVersion "1"]
[SourceVersionDate "2010.11.26"]
[SourceQuality "1"]

1. d4 Nf6 2. c4 e6 3. Nc3 d5 4. Bg5 Be7 5. e3 0-0 6. Qc2 b6 7. Nf3 Nbd7 8. cxd5 exd5 9. Bd3 h6 10. Bh4 Bb7 11. 0-0 Rc8 12. Qe2 Ne4 13. Bxe7 Qxe7 14. Ba6 Bxa6 15. Qxa6 Nxc3 16. bxc3 Ra8 17. Qb7 Nf6 18. Nd2 a5 19. a4 Qd6 20. c4 Rfb8 21. c5 Qd7 0-1

[Event "Bratto op-B 28th"]
[Site "Bratto"]
[Date "2008.08.28"]
[Round "6"]
[White "Sanzani, Pierluigi"]
[Black "Rossini, Luca"]
[Result "1-0"]
[WhiteElo "1853"]
[BlackElo "1785"]
[PlyCount "89"]
[EventDate "2008.08.23"]
[EventType "swiss"]
[EventRounds "9"]
[EventCountry "ITA"]
[SourceTitle "EXT 2011"]
[Source "ChessBase"]
[SourceDate "2010.11.26"]
[SourceVersion "1"]
[SourceVersionDate "2010.11.26"]
[SourceQuality "1"]

1. e4 c5 2. Nf3 d6 3. d4 cxd4 4. Nxd4 g6 5. c4 Bg7 6. Nc3 Nf6 7. Be2 0-0 8. 0-0 Bd7 9. Be3 Nc6 10. Rc1 a6 11. b3 Rc8 12. f3 Qc7 13. Nd5 Qd8 14. Qd2 Nxd5 15. cxd5 Nxd4 16. Bxd4 Bxd4+ 17. Qxd4 Qa5 18. a4 Rc7 19. Rxc7 Qxc7 20. Qc4 Rc8 21. Qxc7 Rxc7 22. Rb1 Kg7 23. Kf2 Kf6 24. Ke3 Kg5 25. f4+ Kf6 26. Kd4 Rc2 27. e5+ dxe5+ 28. fxe5+ Kg7 29. Bf3 Bf5 30. Re1 Kf8 31. Re3 Rb2 32. Kc5 Bc2 33. Re2 Ra2 34. b4 Bb3 35. Rxa2 Bxa2 36. Kb6 Bb3 37. a5 Bc4 38. Kxb7 Bb5 39. Kc7 Ke8 40. d6 exd6 41. exd6 f5 42. Bb7 h5 43. Bxa6 Bxa6 44. d7+ Kf7 45. d8Q 1-0

[Event "Bratto op-B 28th"]
[Site "Bratto"]
[Date "2008.08.25"]
[Round "3"]
[White "Rossini, Luca"]
[Black "Saracco, Marco"]
[Result "0-1"]
[WhiteElo "1785"]
[BlackElo "1939"]
[PlyCount "100"]
[EventDate "2008.08.23"]
[EventType "swiss"]
[EventRounds "9"]
[EventCountry "ITA"]
[SourceTitle "EXT 2011"]
[Source "ChessBase"]
[SourceDate "2010.11.26"]
[SourceVersion "1"]
[SourceVersionDate "2010.11.26"]
[SourceQuality "1"]

1. d4 d5 2. c4 e6 3. Nc3 Be7 4. e3 Nf6 5. Nf3 0-0 6. Bd3 c5 7. 0-0 dxc4 8. Bxc4 Nc6 9. Re1 a6 10. a4 b6 11. b3 Bb7 12. Re2 Qc7 13. Rd2 cxd4 14. Nxd4 Ne5 15. Qe2 Nxc4 16. Qxc4 Qxc4 17. bxc4 Rac8 18. Nde2 Rxc4 19. Rb1 Bb4 20. Rxb4 Rxb4 21. Ba3 Rb3 22. Bxf8 Kxf8 23. f3 Ke7 24. Kf2 Rb4 25. e4 Nd7 26. g4 Nc5 27. Rd4 Rxd4 28. Nxd4 Kd7 29. Ke3 Bc6 30. Nxc6 Kxc6 31. h4 b5 32. axb5+ axb5 33. f4 b4 34. Nb1 Kb5 35. f5 Kc4 36. g5 g6 37. fxg6 fxg6 38. e5 Na4 39. Kd2 Nc3 40. Nxc3 bxc3+ 41. Kc2 Kd4 42. Kc1 Kxe5 43. Kc2 Kd4 44. Kc1 Kd3 45. Kd1 c2+ 46. Kc1 e5 47. h5 gxh5 48. g6 hxg6 49. Kb2 Kd2 50. Kb3 c1Q 0-1

[Event "Lugano op"]
[Site "Lugano"]
[Date "2003.10.31"]
[Round "3"]
[White "Bosshard, Rolf"]
[Black "Rossini, Luca"]
[Result "0-1"]
[WhiteElo "1572"]
[BlackElo "1736"]
[PlyCount "72"]
[EventDate "2003.10.31"]
[EventType "swiss"]
[EventRounds "6"]
[EventCountry "SUI"]
[SourceTitle "EXT 2007"]
[Source "ChessBase"]
[SourceDate "2006.11.23"]
[SourceVersion "1"]
[SourceVersionDate "2006.11.23"]
[SourceQuality "1"]

1. e4 e6 2. d4 d5 3. Nd2 Nf6 4. e5 Nfd7 5. Ngf3 c5 6. c3 Nc6 7. Bb5 cxd4 8. cxd4 Qb6 9. Bxc6 bxc6 10. 0-0 Ba6 11. Re1 c5 12. Nb3 Bc4 13. Be3 Bxb3 14. axb3 Qb7 15. dxc5 Bxc5 16. Bxc5 Nxc5 17. Nd4 0-0 18. Re3 Rfc8 19. Rh3 Nd7 20. Qd3 g6 21. Qe3 Qb4 22. Qh6 Qxd4 23. Qxh7+ Kf8 24. Qh6+ Ke8 25. Rc1 Rxc1+ 26. Qxc1 Qxe5 27. Re3 Qd6 28. Rc3 Ke7 29. Rc7 Kd8 30. Rc6 Qe5 31. Qd2 Nb6 32. Qb4 Ke8 33. Kf1 Rc8 34. Qxb6 axb6 35. Rxc8+ Kd7 36. Rc3 Qd4 0-1